00746nam a2200193 a 4500003000200000005001700002008004100019050003000060100003000090245014800120260009300268300004000361504004100401650002200442650002000464650002500484650002400509650001900533020250225090344.0111115s19uu xx 00 eng d aPGS QR 761.5b.Uy97 2011  aUy, Hannah Trisha Gail Q. aThe effect of garlic (Allium sativum) extract or lemon extract (Citrus limon) on the growth of Trichophyton rubrum /cHannah Trisha Gail Q. Uy. aLas Piñas City, Philippines : bSouthville International School and Colleges, c2011. a21 pages :billustrations ;c28 cm. aIncludes bibliographical references. aAllium sativum.  aCitrus limon.  aTrichophyton rubrum. aAntifungal agents.  aFungivGrowth.